1149 1598 1391 1696 1268 1909 1068 1378 1668 1410 1817 1340 1558 1872 1694 1433 1777 1329 1406 1515 1522 1396 1741 1072 1494 1912 1480 1315 1553 1925 1723 1088 1389 1668 1443 1469 1607 1554 1639 1757 1108 1444 1919 1627 1946 1717 1910 1167 1224 1094 1018 1632 1428 1974 1813 1201 1397 1511 1403 1787 1689 1016 1309 1898 1019 1200 1556 1664 1018 1051 1367 1754 1898 1080 1402 1649 1371 1689 1849 1214 1579 1906 1247 1118 1207 1098 1423 1339 1116 1621 1288 1609 1936 1340 1885 1653 1969 1598 1128 BCNSPRNW ULIB Ver.6.0+V

เปลี่ยนเป็นภาษาไทย

Change to English
 แสดงรายละเอียดบรรณานุกรม
  กลับหน้าหลัก

Brief Record : Get Marc (ISO 2709) : E-mail record : QR code < ปิดหน้าต่าง
LEADER : 00000nam 2200000uu 4500
001    13399120075
003     ULIB
008    120828s2552||||th 000 0 tha d
020    ^a9786117007156
090    ^aนว.^bพ541จ 2552
100 0  ^aพัดวา
245 00 ^aเจ้าชายแห่งทะเลทรายกับยัยจอมแสบ/^cพัดวา
250    ^aพิมพ์ครั้งที่ 1
260    ^aกรุงเทพฯ :^blovejung,^c2552
300    ^a171 หน้า
710 1  ^ablovejung
945    ^p0^l0^i15778
995    ^aกัณชพร
999    ^aใช้งานได้ทุกระบบ
รายการนี้ยังไม่มีแท็ก
คุณยังไม่ได้ล็อกอิน คุณสามารถมีกิจกรรมร่วมกับเว็บไซต์ได้ แต่ต้องล็อกอินก่อน ::
  ล็อกอิน

รายการสื่อสารสนเทศ

ลำดับที่ ประเภท เลขเรียก/บาร์โค้ด สถานที่ สถานะ
1. นวนิยาย
นวนิยาย
นว. พ541จ 2552  
  Barcode: 15778
ห้องสมุดวิทยาเขตสวรรค์ประชารักษ์
►นวนิยาย
บนชั้น
  ขอยืม

BibComment


ยังไม่เคยถูกคอมเมนท์

คอมเมนท์ทรัพยากรรายการนี้
  คอมเมนท์: เจ้าชายแห่งทะเลท..


 Copyright 2026. Bcnsprnw @Library